000
003130000a22001450004500
003
MACL
005
20151231134333.0
008
151231b xxu||||| |||| 00| 0 eng d
040
_a
MACL
_c
MACL
041
_a
English
082
_a
400
245
_a
Chronicles
650
_a
Language
_9
25696
942
_c
BK
_k
400
_2
ddc
999
_c
39502
_d
39502